|
|
|
|
| LEADER |
01185naa a2200313 i 4500 |
| 001 |
publ32843 |
| 005 |
20250506151907.0 |
| 008 |
250506s1988 hu o 000 eng d |
| 020 |
|
|
|a 9783110115468; 9780899254302
|
| 024 |
7 |
|
|a 1964990
|2 mtmt
|
| 040 |
|
|
|a SZTE Publicatio Repozitórium
|b hun
|
| 041 |
|
|
|a eng
|
| 100 |
1 |
|
|a Hajnal Ferenc
|
| 245 |
1 |
0 |
|a Cholecystokinin antagonistic effect of modified gastrin and cholecystokinin sequences
|h [elektronikus dokumentum] /
|c Hajnal Ferenc
|
| 260 |
|
|
|a Walter de Gruyter GmbH & Co KG
|b Berlin
|c 1988
|
| 300 |
|
|
|a 4
|
| 300 |
|
|
|a 357-360
|
| 490 |
0 |
|
|a Peptides : Chemistry, biology, interactions with proteins: Proceedings of the 50th Anniversary Symposium of the Nobel-Prize of Albert Szent-Györgyi
|
| 650 |
|
4 |
|a Kémiai tudományok
|
| 650 |
|
4 |
|a Klinikai orvostan
|
| 650 |
|
4 |
|a Egyéb orvostudományok
|
| 700 |
0 |
1 |
|a Lonovics János
|e aut
|
| 700 |
0 |
1 |
|a Velősy Borbála
|e aut
|
| 700 |
0 |
1 |
|a Lénárt Zsuzsanna
|e aut
|
| 700 |
0 |
1 |
|a Varró Vince
|e aut
|
| 700 |
0 |
1 |
|a Zarándi Márta
|e aut
|
| 700 |
0 |
1 |
|a Penke Botond
|e aut
|
| 700 |
0 |
1 |
|a Henklein P.
|e aut
|
| 856 |
4 |
0 |
|u http://publicatio.bibl.u-szeged.hu/32843/1/aok_klny_248_88.pdf
|z Dokumentum-elérés
|